| 000 | 01321nam a2200361 a 4500 | ||
|---|---|---|---|
| 001 | 000111238 | ||
| 003 | CHAP | ||
| 005 | 20220329144203.0 | ||
| 008 | 150121s2014 mx a fsm |||||||spa d | ||
| 010 | _a107700 | ||
| 011 | _a108672 | ||
| 040 | _cCHAP | ||
| 090 | _aTesis | ||
| 100 | 1 |
_aHuerta Ortega, Freddy _9129072 |
|
| 245 | 1 | 0 |
_aEvaluación nutrimental del suelo y limón mexicano con manejo convencional y silvopastoril _h[En línea] _cpor Freddy Huerta Ortega. |
| 260 |
_aChapingo, Méx. : _bEl autor, _c2014. |
||
| 500 | _aPara ver el contenido del material haga clic en la liga | ||
| 502 | _aTesis (M. C. en Agroforestería para el Desarrollo Sostenible) -- UACH. Departamento de Suelos | ||
| 590 |
_aE11695DGD _b10 _c20150123 _lUCH01 _h1157 |
||
| 590 |
_aE5995AHE _b05 _c20150121 _lUCH01 _h1359 |
||
| 590 |
_aE5995AHE _b05 _c20150121 _lUCH01 _h1400 |
||
| 590 |
_aE5995AHE _b05 _c20150121 _lUCH01 _h1401 |
||
| 590 |
_aE5995AHE _b10 _c20150121 _lUCH01 _h1401 |
||
| 650 | 1 | 4 |
_aLimón _xElementos minerales. _966823 |
| 650 | 1 | 4 |
_aLimón _xRendimiento. _966848 |
| 650 | 1 | 4 |
_aLimón _zMéxico. _966855 |
| 650 | 1 | 4 |
_aPlantas _xNutrición. _988874 |
| 650 | 1 | 4 |
_aSuelos _xFertilidad. _9110367 |
| 856 |
_aFinding aid _uhttp://10.13.5.2/tesis/sist111238.pdf _zTeclea aquí |
||
| 901 | _aBK | ||
| 942 | _cTESIS | ||
| 942 | _n0 | ||
| 999 |
_c107700 _d107700 |
||